Top 100 statistique des joueurs NBA all-time 2 - Statistiques

Statistiques générales
  • Ce quiz a été pris 247 fois
    140 depuis la dernière actualisation
  • Le résultat moyen est 34 sur 100
Statistiques - réponses
Classement Moyen Joueur Détail des Classements % Correct
27.2 LeBron James Points : 1 / Passes : 4 / Rebonds : 32 / Interceptions : 9 / Contres : 90
99%
64 Michael Jordan Points : 5 / Passes : 51 / Rebonds : 136 / Interceptions : 4 / Contres : 124
92%
33 Karreem Abdul-Jabbar Points : 2 / Passes : 49 / Rebonds : 3 / Interceptions : 108 / Contres : 3
85%
74 Kobe Bryant Points : 4 / Passes : 33 / Rebonds : 112 / Interceptions : 16 / Contres : 205
83%
30.6 Karl Malone Points : 3 / Passes : 61 / Rebonds : 7 / Interceptions : 12 / Contres : 70
82%
138.6 Moses Malone Points : 10 / Passes : 516 / Rebonds : 5 / Interceptions : 135 / Contres : 27
82%
232.6 David West Points : 184 / Passes : 371 / Rebonds : 146 / Interceptions : 325 / Contres : 137
80%
92 Kevin Durant Points : 13 / Passes : 100 / Rebonds : 116 / Interceptions : 151 / Contres : 80
76%
111 Russell Westbrook Points : 27 / Passes : 9 / Rebonds : 77 / Interceptions : 19 / Contres : 423
76%
112 James Harden Points : 25 / Passes : 20 / Rebonds : 215 / Interceptions : 47 / Contres : 253
72%
51.2 Hakeem Olajuwon Points : 12 / Passes : 219 / Rebonds : 14 / Interceptions : 10 / Contres : 1
71%
119.2 Shaquille O'Neal Points : 8 / Passes : 222 / Rebonds : 15 / Interceptions : 343 / Contres : 8
71%
59.8 Tim Duncan Points : 16 / Passes : 105 / Rebonds : 6 / Interceptions : 167 / Contres : 5
71%
129 Magic Johnson Points : 84 / Passes : 7 / Rebonds : 148 / Interceptions : 23 / Contres : 383
67%
206.8 Chris Paul Points : 37 / Passes : 3 / Rebonds : 232 / Interceptions : 3 / Contres : 759
66%
68 Larry Bird Points : 36 / Passes : 48 / Rebonds : 56 / Interceptions : 39 / Contres : 161
66%
159.2 Dennis Johnson Points : 136 / Passes : 54 / Rebonds : 365 / Interceptions : 52 / Contres : 189
65%
223.4 Joe Johnson Points : 48 / Passes : 72 / Rebonds : 273 / Interceptions : 147 / Contres : 577
65%
210,6 Mickey Johnson Points : 233 / Passes : 285 / Rebonds : 156 / Interceptions : 167 / Contres : 212
65%
181.8 John Stockton Points : 51 / Passes : 1 / Rebonds : 396 / Interceptions : 1 / Contres : 460
64%
66.8 Dirk Nowitzki Points : 6 / Passes : 155 / Rebonds : 26 / Interceptions : 94 / Contres : 53
62%
23.8 Kevin Garnett Points : 19 / Passes : 55 / Rebonds : 9 / Interceptions : 18 / Contres : 18
59%
61.6 Scottie Pippen Points : 65 / Passes : 35 / Rebonds : 91 / Interceptions : 7 / Contres : 110
57%
96.4 David Robinson Points : 44 / Passes : 335 / Rebonds : 33 / Interceptions : 64 / Contres : 6
56%
107.8 Clifford Robinson Points : 53 / Passes : 214 / Rebonds 163 / Interceptions : 62 / Contres : 47
55%
92.4 Jason Kidd Points : 89 / Passes : 2 / Rebonds : 59 / Interceptions : 2 / Contres : 310
54%
111.2 Carmelo Anthony Points : 9 / Passes : 176 / Rebonds : 79 / Interceptions : 91 / Contres : 201
52%
164.8 Giannis Antetokounmpo Points : 110 / Passes : 179 / Rebonds : 124 / Interceptions : 290 / Contres : 121
50%
104.6 Dwyane Wade Points : 32 / Passes : 47 / Rebonds : 284 / Interceptions : 31 / Contres : 129
49%
156.8 Dwight Howard Points : 55 / Passes : 564 / Rebonds : 10 / Interceptions : 142 / Contres : 13
47%
111.6 Patrick Ewing Points : 24 / Passes : 383 / Rebonds : 25 / Interceptions : 119 / Contres : 7
47%
207.6 Ray Allen Points : 26 / Passes : 95 / Rebonds : 248 / Interceptions : 54 / Contres : 615
46%
82.4 Vince Carter Points : 20 / Passes : 77 / Rebonds : 144 / Interceptions : 44 / Contres : 127
45%
237.8 Isiah Thomas Points : 68 / Passes : 10 / Rebonds : 493 / Interceptions : 17 / Contres : 601
43%
118.6 Julius Erving Points : 75 / Passes : 196 / Rebonds : 221 / Interceptions : 50 / Contres : 51
42%
75.2 Paul Pierce Points : 17 / Passes : 79 / Rebonds : 89 / Interceptions : 22 / Contres : 169
42%
61.6 Charles Barkley Points : 29 / Passes : 106 / Rebonds : 19 / Interceptions : 27 / Contres : 127
41%
195.6 Marc Gasol Points : 245 / Passes : 229 / Rebonds : 145 / Interceptions : 302 / Contres : 57
41%
134.8 Pau Gasol Points : 45 / Passes : 129 / Rebonds : 28 / Interceptions : 454 / Contres : 21
41%
244 Mychal Thompson Points : 228 / Passes : 404 / Rebonds : 119 / Interceptions : 379 / Contres : 90
40%
227.6 Anthony Davis Points : 120 / Passes : 612 / Rebonds : 126 / Interceptions : 243 / Contres : 37
36%
212 Reggie Miller Points : 22 / Passes : 115 / Rebonds : 377 / Interceptions : 51 / Contres : 495
35%
223.4 Andre Miller Points : 111 / Passes : 12 / Rebonds : 294 / Interceptions : 41 / Contres : 659
34%
233.8 Chris Bosh Points : 97 / Passes : 518 / Rebonds : 87 / Interceptions : 352 / Contres : 115
34%
164.4 Gary Payton Points : 35 / Passes : 11 / Rebonds : 249 / Interceptions : 5 / Contres : 522
34%
222.2 Paul George Points : 107 / Passes : 239 / Rebonds : 271 / Interceptions : 69 / Contres : 425
34%
129 Elvin Hayes Points : 11 / Passes : 346 / Rebonds : 4 / Interceptions : 260 / Contres : 24
32%
166.6 Rasheed Wallace Points : 115 / Passes : 449 / Rebonds : 94 / Interceptions : 133 / Contres : 42
32%
107.6 Robert Parish Points : 30 / Passes : 398 / Rebonds : 8 / Interceptions : 92 / Contres : 10
32%
78 Clyde Drexler Points : 34 / Passes : 36 / Rebonds : 135 / Interceptions : 8 / Contres : 177
31%
221.4 DeMar DeRozan Points : 39 / Passes : 119 / Rebonds : 322 / Interceptions : 173 / Contres : 457
30%
140 Tracy McGrady Points : 74 / Passes : 113 / Rebonds : 246 / Interceptions : 119 / Contres : 148
30%
111.6 Alex English Points : 21 / Passes : 96 / Rebonds : 149 / Interceptions : 148 / Contres : 144
29%
134.4 Dominique Wilkins Points : 15 / Passes : 285 / Rebonds : 106 / Interceptions : 63 / Contres : 203
26%
202 Bob McAdoo Points : 69 / Passes : 466 / Rebonds : 73 / Interceptions : 334 / Contres : 68
22%
211.2 James Worthy Points : 108 / Passes : 267 / Rebonds : 304 / Interceptions : 161 / Contres : 216
22%
193.4 Kyle Lowry Points : 124 / Passes : 24 / Rebonds : 307 / Interceptions : 60 / Contres : 452
20%
184.6 Buck Williams Points : 102 / Passes : 579 / Rebonds : 16 / Interceptions : 144 / Contres : 82
19%
99.2 Chris Webber Points : 98 / Passes : 167 / Rebonds : 71 / Interceptions : 99 / Contres : 61
19%
159 Josh Smith Points : 219 / Passes : 268 / Rebonds : 139 / Interceptions : 140 / Contres : 29
18%
181.4 Shawn Kemp Points : 143 / Passes : 551 / Rebonds : 57/ Interceptions : 102 / Contres : 54
18%
226 Eddie Jones Points : 178 / Passes : 260 / Rebonds : 431 / Interceptions : 31 / Contres : 230
17%
137.6 Grant Hill Points : 99 / Passes : 101 / Rebonds : 171 / Interceptions : 84 / Contres : 233
17%
185.6 LaMarcus Aldridge Points : 46 / Passes : 430 / Rebonds : 58 / Interceptions : 330 / Contres : 64
17%
221.8 Bill Laimbeer Points : 195 / Passes : 395 / Rebonds : 37 / Interceptions : 373 / Contres : 109
15%
228.8 Rick Barry Points : 73 / Passes : 120 / Rebonds : 261 / Interceptions : 130 / Contres : 560
15%
188.6 Chris Mullin Points : 81 / Passes : 173 / Rebonds : 398 / Interceptions : 44 / Contres : 247
13%
202.8 Jrue Holiday Points : 152 / Passes : 41 / Rebonds : 447 / Interceptions : 72 / Contres : 302
13%
164 Al Horford Points : 202 / Passes : 184 / Rebonds : 68 / Interceptions : 302 / Contres : 64
12%
178 Antoine Walker Points : 129 / Passes : 204 / Rebonds : 124 / Interceptions : 136 / Contres : 297
12%
151.4 Horace Grant Points : 219 / Passes : 301 / Rebonds : 49 / Interceptions : 116 / Contres : 72
12%
144.6 Bob Lanier Points : 60 / Passes : 225 / Rebonds : 44 / Interceptions : 312 / Contres : 82
11%
134.2 Andre Iguodala Points : 188 / Passes : 69 / Rebonds : 183 / Interceptions : 20 / Contres : 211
10%
106.4 Vlade Divac Points : 207 / Passes : 165 / Rebonds : 51 / Interceptions : 78 / Contres : 31
10%
153.6 Paul Millsap Points : 164 / Passes : 353 / Rebonds : 82 / Interceptions : 74 / Contres : 95
9%
228 Antawn Jamison Points : 50 / Passes : 529 / Rebonds : 69 / Interceptions : 158 / Contres : 334
8%
181.8 Charles Oakley Points : 251 / Passes : 197 / Rebonds : 22 / Interceptions : 69 / Contres : 370
8%
156.2 Elton Brand Points : 101 / Passes : 395 / Rebonds : 55 / Interceptions : 208 / Contres : 22
8%
172 Lamar Odom Points : 232 / Passes : 162 / Rebonds : 72 / Interceptions : 269 / Contres : 125
8%
227 Latrell Sprewell Points : 103 / Passes : 154 / Rebonds : 445 / Interceptions : 76 / Contres : 357
8%
238.6 Marcus Camby Points : 440 / Passes : 500 / Rebonds : 47 / Interceptions : 194 / Contres : 12
8%
220.4 Thaddeus Young Points : 180 / Passes : 428 / Rebonds : 152 / Interceptions : 36 / Contres : 306
8%
174.6 Ron Harper Points : 189 / Passes : 131 / Rebonds : 354 / Interceptions : 25 / Contres : 174
7%
118.6 Shawn Marion Points : 85 / Passes : 387 / Rebonds : 41 / Interceptions : 21 / Contres : 59
7%
200.4 Tom Chambers Points : 49 / Passes : 367 / Rebonds : 131 / Interceptions : 240 / Contres 215
7%
131.2 Alvan Adams Points : 189 / Passes : 121 / Rebonds : 122 / Interceptions : 77 / Contres : 147
6%
99.4 Jack Sikma Points : 94 / Passes : 171 / Rebonds : 31 / Interceptions : 107 / Contres : 94
6%
241.6 Kevin Willis Points : 95 / Passes : 726 / Rebonds : 24 / Interceptions : 197 / Contres : 166
6%
231.2 Nikola Vucevic Points : 186 / Passes : 362 / Rebonds : 62 / Interceptions : 373 / Contres : 173
5%
170.8 Rudy Gay Points : 86 / Passes : 368 / Rebonds : 164 / Interceptions : 86 / Contres : 150
5%
185.4 Sam Perkins Points : 144 / Passes : 457 / Rebonds : 83 / Interceptions : 129 / Contres : 114
5%
158.6 Terry Cummings Points : 57 / Passes : 390 / Rebonds : 63 / Interceptions : 83 / Contres : 200
5%
221.4 Detlef Schrempf Points : 123 / Passes : 140 / Rebonds : 114 / Interceptions : 265 / Contres : 465
4%
169 Larry Nance Points : 127 / Passes : 348 / Rebonds 97 / Interceptions : 254 / Contres : 19
4%
241.4 Michael Finley Points : 93 / Passes : 194 / Rebonds : 293 / Interceptions : 181 / Contres : 446
3%
190.2 Otis Thorpe Points : 88 / Passes : 276 / Rebonds : 38 / Interceptions : 271 / Contres : 278
3%
243.6 Shareef Abdur-Rahim Points : 148 / Passes : 413 / Rebonds : 166 / Interceptions : 283 / Contres : 208
3%
211.8 Jerome Kersey Points : 288 / Passes : 406 / Rebonds : 161 / Interceptions : 55 / Contres : 149
2%
162.4 Sam Lacey Points : 375 / Passes : 147 / Rebonds : 45 / Interceptions : 178 / Contres : 67
2%
228 Metta World Peace Points : 217 / Passes : 296 / Rebonds : 334 / Interceptions : 24 / Contres : 269
1%
Aucun quiz correspondant
Distribution des résultats
% des personnes avec chaque résultat
Percentile par nombre de réponses
Votre historique - résultats
Vous n’avez pas pris ce quiz depuis la dernière actualisation